000 00442nam a2200181Ia 4500
001 16157
005 20260306170249.0
008 260306t2019||||xx |||||||||||||| ||und||
041 _aESP
082 _a347
_bH94 T. 18
100 _aHundskopf E., Oswaldo,
_eAUT
245 0 _aDerecho comercial :
_btemas societarios
260 _c2019
300 _a283 páginas :
_c24 cm.
650 _aGEN
654 _aCAN
942 _cLIB
_dJUS
_fJUS
_2ddc
_n
999 _c16157
_d16157